000 02493cam a22005174i 4500
003 PE-LiUPU
005 20250731173341.0
008 150706s2008 txu r 000 0 spa d
020 _a9780311136803
035 _a(Sirsi) i9780311136803
040 _aPE-LiUPU
_bspa
_cPE-LiUPU
_erda
049 _aPRUA
082 0 4 _a248.5
_bE33
_221
100 1 _aEims, LeRoy,
_eautor.
245 1 3 _aEl arte perdido de discipular /
_cLeRoy Eims.
264 1 _aEl Paso, Texas :
_bMundo Hispano,
_c2008.
300 _a224 páginas ;
_c21 centímetros
336 _atext
_2rdacontent
337 _aunmediated
_2rdamedia
338 _avolume
_2rdacarrier
505 0 _aLa necesidad de multiplicar discípulos -- Ejemplos Bíblicos de entrenamiento de discípulo -- Haciendo discípulos en la iglesias primitiva -- La gente ayuda a la gente -- Los procesos de hacer discípulos -- Objetivos de entrenamiento para un discípulo -- Los obreros siguen siendo pocos.- -- Como desarrollar obreros -- Objetivos de entrenamiento para un obrero -- La necesidad de liderazgo -- Como entrenar a líderes -- Confiando y sin ninguna vergüenza.
526 _aSEG42
526 _aSEG41
526 _aSEG40
526 _aSEG39
526 _aP94
526 _aP87
526 _aP86
526 _aP85
526 _aP77
526 _aP76
526 _aP35
541 _g001-0000539;
541 _g001-0020922;
650 1 4 _aLiderazgo cristiano.
650 2 4 _aVida cristiana.
700 1 _aColeman, Robert E.,
_eprol.
910 _agl
_bjv
_cng
_d20090910
942 _2ddc
_cBOOK
949 _a248.5 E33
_wDEWEY
_c1
_i63719
_d2016-4-19
_e2016-4-18
_lCCODEBUL1
_mBUL
_n6
_p11.00
_r0
_sY
_tBOOK
_u2015-7-6
_xTEOLOGIA
_PP35
_0COMPRA
_o.STAFF. Colección General
949 _a248.5 E33
_wDEWEY
_c2
_i60310
_d2016-4-4
_e2016-3-28
_lCCODEBUL1
_mBUL
_n1
_p9.00
_r0
_sY
_tBOOK
_u2015-7-6
_xTEOLOGIA
_zUNKNOWN
_0COMPRA
_o.STAFF. Colección General
994 _aC0
_bPEPRU
596 _a1
999 _a248.5 E33
_wDEWEY
_c49770
_i63719
_d49770
_e2016-4-18
_f2021-11-10
_g4
_lCCODEBUL1
_mBUL
_n6
_p11.00
_q3
_r0
_sY
_tBOOK
_u2015-7-6
_xTEOLOGIA
_PP35
_0COMPRA
_o.STAFF. Colección Teología
999 _a248.5 E33
_wDEWEY
_c2
_i60310
_d2020-1-22
_e2020-1-20
_f2021-11-10
_g4
_lCCODEBUL1
_mBUL
_n4
_p9.00
_r0
_sY
_tBOOK
_u2015-7-6
_xTEOLOGIA
_zUNKNOWN
_0COMPRA
_o.STAFF. Colección General
980 _81
_gALBERTO SANCHEZ Responsable de Automatización